| 000 | 00742nam a2200217 a 4500 | ||
|---|---|---|---|
| 005 | 20140310183457.0 | ||
| 008 | 091116s19uu xx 00 eng d | ||
| 020 | _a139781578869824 | ||
| 050 |
_aLB 1025.3 _b.D86 2009 |
||
| 100 | _aDunn, Rita | ||
| 245 |
_aDifferentiating instruction for at-risk students : _bwhat to do and how to do it / _cRita Dunn and Andrea Honigsfeld. |
||
| 260 |
_aLanham : _bRowman & Littlefield Education, _c2009. |
||
| 300 |
_a185 p. : _bill. ; _c23 cm. |
||
| 521 | _aEDU | ||
| 650 |
_aEffective teaching _xUnited States. |
||
| 650 |
_aTeacher _xstudents relationship _xUnited States. |
||
| 650 |
_aSpecial Education _xUnited States. |
||
| 700 | _aHonigsfeld, Andrea | ||
| 942 |
_cBK _2lcc _kFOR |
||
| 999 |
_c23696 _d23696 |
||